Constitución y procesos constitucionales : (Registro nro. 21584)
[ vista simple ]
| 000 -Cabecera | |
|---|---|
| Campo de control interno | 00556nam a22002057a 4500 |
| 005 - Fecha y hora del registro | |
| control field | 20260318152153.0 |
| 008 - Elementos de Longitud Fija | |
| fixed length control field | 260318b |||||||| |||| 00| 0 spa d |
| 041 ## - Idioma | |
| Codigo Idioma | ESP |
| 082 ## - DEWEY y NOTACIÓN INTERNA | |
| Dewey | 343.213 |
| Notación Interna | A11 2006 |
| 100 ## - AUTOR | |
| Autor denominación | Abad Yupanqui, Samuel |
| 245 ## - TÍTULO DE MATERIAL BIBLIOGRÁFICO | |
| Título | Constitución y procesos constitucionales : |
| Título paralelo | estudio introductorio, legislación, jurisprudencia e índices |
| 260 ## - CIUDAD, EDITORIAL, AÑO | |
| Ciudad | : |
| Nombre de la Editorial | , |
| Año | 2006 |
| 300 ## - DESCRIPCIÓN | |
| N° Páginas | 368 páginas : |
| Otros detalles | ; |
| Dimensiones | 00 cm. |
| 440 ## - MENCIÓN DE SERIE | |
| Título de la Serie | ; |
| 650 ## - TEMAS | |
| Temas | Derecho |
| 654 ## - PROGRAMAS | |
| Programa | Dpto. de Derecho y Ciencia Política |
| 700 ## - OTROS AUTORES | |
| Otros autores | ; |
| 942 ## - ELEMENTOS DE KOHA | |
| Tipo de documento | Libro |
| Nombre del creador | Justo Noguera |
| Código de catalogador | Justo Noguera |
| Esquema de clasificación | Dewey Decimal Classification |
| Codigo completo | Registro | Colección | Copia número | Disponibilidad | Tipo de préstamo | Biblioteca Actual | Procedencia (Biblioteca) | Ubicacón | Fecha Ingreso | Tipo de Adquisición | Date last seen | Total checkouts | Price effective from | Tipo de Item | Estado del Material | Fuente de Clasificación | Damaged status | Withdrawn status |
|---|---|---|---|---|---|---|---|---|---|---|---|---|---|---|---|---|---|---|
| 343.213 A11 2006 | U0022427 | Universidad Católica San Pablo | 1 | Disponible | Disponible | Víctor Andrés Belaunde | Víctor Andrés Belaunde | Primer piso | 18/03/2026 | Compra | 18/03/2026 | 18/03/2026 | Libro | Bueno | Dewey Decimal Classification |




